| 000 | 00756nab a2200265 a 4500 | ||
|---|---|---|---|
| 001 | 54230 | ||
| 003 | 124847 | ||
| 005 | 20201118102956.0 | ||
| 008 | ||||||n9999 ||| || || | ||
| 041 | _aspa | ||
| 100 | _aSen, Amartya Kumar | ||
| 245 | 0 | _aDesigualdad y desempleo en la Europa contemporanea | |
| 260 |
_aSuiza : _bOficina Internacional del Trabajo-OIT, _c1997. |
||
| 300 | _app.169-186 | ||
| 562 | _e0 | ||
| 650 | _aANÁLISIS COMPARADO | ||
| 650 | _aANÁLISIS SOCIOLÓGICO | ||
| 650 | _aDESEMPLEO--IBAGUÉ (COLOMBIA) | ||
| 650 | _aDESIGUALDAD SOCIAL | ||
| 650 | _aESTADOS UNIDOS | ||
| 650 | _aEUROPA | ||
| 650 | _aPARTICIPACIÓN POLÍTICA | ||
| 773 |
_052730 _aRevista Internacional del Trabajo - Vol.116 No.2 |
||
| 942 | _cSART | ||
| 999 |
_c54230 _d54230 |
||